حالة السجون العربية : (Record no. 66633)
[ view plain ]
| 000 -LEADER | |
|---|---|
| fixed length control field | 03008nam a2200577 i 4500 |
| 003 - CONTROL NUMBER IDENTIFIER | |
| control field | EG-GICUC |
| 005 - DATE AND TIME OF LATEST TRANSACTION | |
| control field | 20260324175422.0 |
| 008 - FIXED-LENGTH DATA ELEMENTS--GENERAL INFORMATION | |
| fixed length control field | 260324s2006 ua ||||fr|||| 00| 0 ara d |
| 017 ## - COPYRIGHT OR LEGAL DEPOSIT NUMBER | |
| Copyright or legal deposit number | 2006/13547 |
| 040 ## - CATALOGING SOURCE | |
| Original cataloging agency | EG-GICUC |
| Language of cataloging | ara |
| Transcribing agency | EG-GICUC |
| Modifying agency | EG-GICUC |
| Description conventions | rda |
| 041 ## - LANGUAGE CODE | |
| Language code of text/sound track or separate title | ara |
| 082 04 - DEWEY DECIMAL CLASSIFICATION NUMBER | |
| Edition number | 21 |
| Classification number | 343.766 |
| Item number | ش ر . ح |
| 092 04 - LOCALLY ASSIGNED DEWEY CALL NUMBER (OCLC) | |
| Edition number | 21 |
| 099 ## - LOCAL FREE-TEXT CALL NUMBER (OCLC) | |
| Classification number | Law1 10 343.766 ش ر . ح 2006 |
| 100 0# - MAIN ENTRY--PERSONAL NAME | |
| Personal name | شريف زيفر هلالى |
| Relator term | مقدم. |
| 245 10 - TITLE STATEMENT | |
| Title | حالة السجون العربية : |
| Remainder of title | تقرير المنظمة العربية للإصلاح الجنائي 2005 حول أوضاع السجون والسجناء في بعض الدول العربية : الأردن، البحرين، الجزائر، السودان، سوريا، العراق، فلسطين، لبنان، ليبيا، مصر، المغرب، اليمن / |
| Statement of responsibility, etc. | مقدمة تحليلية شريف زيفر هلالى ، تقديم و إشراف محمد زارغ. |
| 246 ## - VARYING FORM OF TITLE | |
| Title proper/short title | The Arab prisons’ Conditions |
| Remainder of title | The second annual report of 2005 on prisons and prisoners’conditions in some arab countries |
| 264 #1 - PRODUCTION, PUBLICATION, DISTRIBUTION, MANUFACTURE, AND COPYRIGHT NOTICE | |
| Place of production, publication, distribution, manufacture | القاهرة : |
| Name of producer, publisher, distributor, manufacturer | المنظمة العربية للإصلاح الجنائي، |
| Date of production, publication, distribution, manufacture, or copyright notice | 2006. |
| 300 ## - PHYSICAL DESCRIPTION | |
| Extent | 388 صفحة : |
| Other physical details | إيضاحيات، صور، مثيليات ؛ |
| Dimensions | 24 سم. |
| 336 ## - CONTENT TYPE | |
| Source | rda content |
| Content type term | text |
| 337 ## - MEDIA TYPE | |
| Source | rda media |
| Media type term | Computer |
| 338 ## - CARRIER TYPE | |
| Source | rda carrier |
| Carrier type term | Online Resource |
| 504 ## - BIBLIOGRAPHY, ETC. NOTE | |
| Bibliography, etc. note | يشتمل على إرجاعات ببليوجرافية. |
| 546 ## - LANGUAGE NOTE | |
| Language note | النص أغلبه باللغة العربية مع بعض النصوص الإنجليزية |
| 650 1# - SUBJECT ADDED ENTRY--TOPICAL TERM | |
| Topical term or geographic name entry element | القانون الجنائي |
| 650 1# - SUBJECT ADDED ENTRY--TOPICAL TERM | |
| Topical term or geographic name entry element | السجون والمؤسسات العقابية والإصلاحية |
| 650 1# - SUBJECT ADDED ENTRY--TOPICAL TERM | |
| Topical term or geographic name entry element | حالة السجون العربية |
| 650 1# - SUBJECT ADDED ENTRY--TOPICAL TERM | |
| Topical term or geographic name entry element | اوضاع السجون |
| 650 1# - SUBJECT ADDED ENTRY--TOPICAL TERM | |
| Topical term or geographic name entry element | اوضاع السجناء |
| 700 0# - ADDED ENTRY--PERSONAL NAME | |
| Personal name | محمد زارغ |
| Relator term | مقدم. |
| -- | مشرف. |
| 700 0# - ADDED ENTRY--PERSONAL NAME | |
| Personal name | أكثم نعيسة |
| Relator term | مؤلف مشارك. |
| 700 0# - ADDED ENTRY--PERSONAL NAME | |
| Personal name | إيهاب سلام |
| Relator term | مؤلف مشارك. |
| 700 0# - ADDED ENTRY--PERSONAL NAME | |
| Personal name | جابر ملكاوى |
| Relator term | مؤلف مشارك. |
| 700 0# - ADDED ENTRY--PERSONAL NAME | |
| Personal name | جمال الجعبي |
| Relator term | مؤلف مشارك. |
| 700 0# - ADDED ENTRY--PERSONAL NAME | |
| Personal name | حسن سليم |
| Relator term | مؤلف مشارك. |
| 700 0# - ADDED ENTRY--PERSONAL NAME | |
| Personal name | رديف مصطفى |
| Relator term | مؤلف مشارك. |
| 700 0# - ADDED ENTRY--PERSONAL NAME | |
| Personal name | عادل الزناتى |
| Relator term | مؤلف مشارك. |
| 700 0# - ADDED ENTRY--PERSONAL NAME | |
| Personal name | عاصم ربابعة |
| Relator term | مؤلف مشارك. |
| 700 0# - ADDED ENTRY--PERSONAL NAME | |
| Personal name | عبد الحميد الرهيوى |
| Relator term | مؤلف مشارك. |
| 700 0# - ADDED ENTRY--PERSONAL NAME | |
| Personal name | غازى السامعى |
| Relator term | مؤلف مشارك. |
| 700 0# - ADDED ENTRY--PERSONAL NAME | |
| Personal name | مها الخطيب |
| Relator term | مؤلف مشارك. |
| 700 0# - ADDED ENTRY--PERSONAL NAME | |
| Personal name | مهند الحسنى |
| Relator term | مؤلف مشارك. |
| 700 0# - ADDED ENTRY--PERSONAL NAME | |
| Personal name | نازك عثمان |
| Relator term | مؤلف مشارك. |
| 700 0# - ADDED ENTRY--PERSONAL NAME | |
| Personal name | نسرين زريقات |
| Relator term | مؤلف مشارك. |
| 700 0# - ADDED ENTRY--PERSONAL NAME | |
| Personal name | هلا حمزة |
| Relator term | مؤلف مشارك. |
| 700 0# - ADDED ENTRY--PERSONAL NAME | |
| Personal name | وسام سحويل |
| Relator term | مؤلف مشارك. |
| 700 0# - ADDED ENTRY--PERSONAL NAME | |
| Personal name | يوسف مداد |
| Relator term | مؤلف مشارك. |
| 856 40 - ELECTRONIC LOCATION AND ACCESS | |
| Uniform Resource Identifier | <a href="https://fll.law.cu.edu.eg/fulltext/bks/B10-08592.pdf">https://fll.law.cu.edu.eg/fulltext/bks/B10-08592.pdf</a> |
| 905 ## - Cataloger and Reviser Names | |
| Cataloger Name: | Gomana |
| 942 ## - ADDED ENTRY ELEMENTS (KOHA) | |
| Source of classification or shelving scheme | Dewey Decimal Classification |
| Suppress in OPAC | No |
| Koha item type | Books |
| Edition | 21 |
| Withdrawn status | Lost status | Source of classification or shelving scheme | Damaged status | Not for loan | Collection | Home library | Current library | Date acquired | Source of acquisition | Total checkouts | Full call number | Barcode | Date last seen | Copy number | Price effective from | Koha item type |
|---|---|---|---|---|---|---|---|---|---|---|---|---|---|---|---|---|
| Dewey Decimal Classification | Not for loan | القانون الجنائي | جــــامعة القــاهرة | مكتبة كلية الحقوق - المبنى الرئيسي | 24.03.2026 | إهداء مكتبة الأستاذ الدكتور صلاح عامر | Law1 10 343.766 ش ر . ح 2006 1008592 C1 | B10-08592 | 24.03.2026 | 1 | 24.03.2026 | Books |